Macroeconomics: Principles, Problems, and Policies. (Record no. 644)

MARC details
005 - DATE AND TIME OF LATEST TRANSACTION
control field 20250315075801.0
020 ## - INTERNATIONAL STANDARD BOOK NUMBER
International Standard Book Number 978-0-07-762860-4
082 ## - DEWEY DECIMAL CLASSIFICATION NUMBER
Classification number 339 MCC
100 ## - MAIN ENTRY--PERSONAL NAME
Author name MCCNNELL, C.R.
245 ## - TITLE STATEMENT
Title Macroeconomics: Principles, Problems, and Policies.
250 ## - EDITION STATEMENT
Edition statement 19th Ed.
260 ## - PUBLICATION, DISTRIBUTION, ETC.
Place of publication, distribution, etc. New York,
Name of publisher, distributor, etc. McGraw-Hill,
Date of publication, distribution, etc. 2012.
300 ## - PHYSICAL DESCRIPTION
Extent xxxv,506p.: Ill.;figures , tables.
Other physical details Glossary , Index.
Dimensions 24cm.
700 ## - ADDED ENTRY--PERSONAL NAME
Other authors/Editors STANLEY,L.BRUE & SEAN, M. FLYNN.
942 ## - ADDED ENTRY ELEMENTS (KOHA)
Source of classification or shelving scheme Dewey Decimal Classification
Koha item type Books
Holdings
Date last seen Total checkouts Full call number Barcode Cost, replacement price Price effective from Koha item type Lost status Source of classification or shelving scheme Damaged status Not for loan Withdrawn status Home library Current library Shelving location Date acquired Cost, normal purchase price Source of acquisition
06/27/2025   339 McC DOM0003373 195000.00 06/27/2025 Books   Dewey Decimal Classification       CBE Dodoma CBE Dodoma General Collection 12/20/2010 65000.00  
06/27/2025   339 McC DOM0003384 195000.00 06/27/2025 Books   Dewey Decimal Classification       CBE Dodoma CBE Dodoma General Collection 12/20/2010 65000.00  
06/27/2025   339 McC DOM0003375 195000.00 06/27/2025 Books   Dewey Decimal Classification       CBE Dodoma CBE Dodoma General Collection 12/20/2010 65000.00  
06/27/2025   339 McC DOM0003374 195000.00 06/27/2025 Books   Dewey Decimal Classification       CBE Dodoma CBE Dodoma General Collection 12/20/2010 65000.00  
06/27/2025   339 McC DOM0003376 195000.00 06/27/2025 Books   Dewey Decimal Classification       CBE Dodoma CBE Dodoma General Collection 12/20/2010 65000.00 33
06/27/2025   339 McC DOM0003372 195000.00 06/27/2025 Books   Dewey Decimal Classification       CBE Dodoma CBE Dodoma General Collection 12/20/2010 65000.00  
06/27/2025   339 McC DOM0003377 195000.00 06/27/2025 Books   Dewey Decimal Classification       CBE Dodoma CBE Dodoma General Collection 12/20/2010 65000.00  
06/27/2025   339 McC DOM0003185 195000.00 06/27/2025 Books   Dewey Decimal Classification       CBE Dodoma CBE Dodoma General Collection 12/20/2010 65000.00  
03/14/2025   339 MCC 0000002601 105000.00 03/14/2025 Books   Dewey Decimal Classification       College of Business Education Main Library College of Business Education Main Library General Collection 03/14/2025 35000.00